Lyrics Quiz-Metallica "Master Of Puppets" - Statistics

General Stats
  • This quiz has been taken 628 times
  • The average score is 231 of 330
Answer Stats
Answer % Correct
I
98%
master
98%
master,
98%
Master
98%
Master,
98%
(master)
98%
(Master,
98%
master)
98%
of
98%
a
96%
you
95%
You
95%
your
93%
Your
93%
puppets,
92%
I´m
89%
pulling
85%
strings
85%
see
78%
I´ll
77%
and
75%
is
75%
me,
75%
me!
75%
Obey
75%
dreams
74%
my
74%
destruction
72%
faster
72%
mind
71%
self-
71%
all
70%
All
70%
hear
70%
away
69%
Twisting
69%
life
68%
Life
68%
source
68%
the
68%
call
67%
can´t
67%
crumbling
67%
End
67%
name,
67%
on
67%
scream
67%
thing
67%
by
66%
Just
66%
to
65%
play,
64%
smashing
63%
burns
62%
passion
62%
will
62%
that
61%
that,
61%
Come
57%
Blinded
56%
clear
56%
killing
56%
with
56%
crawling
55%
How
55%
need
55%
´cause
53%
death
53%
fear,
53%
(Laughter,
53%
laughter)
53%
laughter
53%
Dedicated
51%
I´ve
50%
at
49%
More
48%
or
47%
after?
46%
Laughing
46%
lies
46%
Taste
46%
way,
46%
been
45%
only
44%
sucking
43%
cries
42%
mirror
41%
promised
41%
construction
40%
never
39%
Never-
39%
Where´s
39%
Fix
38%
Now
38%
Pain
38%
breakfast
37%
clearer
37%
pump
37%
Veins
37%
becoming
35%
habitat
35%
monopoly,
35%
reason
35%
without
35%
death´s
34%
die
34%
misery
34%
natural
34%
too
34%
Chop
33%
rhyme
33%
darkest
32%
worth
32%
out
31%
Leading
30%
betray
29%
ending
29%
Hell
29%
help
29%
rule
29%
run
29%
season
28%
occupy
25%
days
24%
ritual
24%
through
24%
maze,
19%
Needlework
19%
numbered
19%
drift
17%
No matching quizzes found
Score Distribution
Percent of People with Each Score
Percentile by Number Answered
Your Score History
You have not taken this quiz